Lógica. La ciencia del logos
Shranjeno v:
| Glavni avtor: | |
|---|---|
| Format: | Knjiga |
| Jezik: | španščina |
| Izdano: |
Madrid
Biblioteca de Autores Cristianos
2010
|
| Izdaja: | 1a. ed |
| Serija: | Sapientia Rerum. Manuales de Filosofía
|
| Teme: | |
| Oznake: |
Označite
Brez oznak, prvi označite!
|
MARC
| LEADER | 00000cam a2200000 a 4500 | ||
|---|---|---|---|
| 001 | UCE7231 | ||
| 003 | CL-VaPUC | ||
| 008 | 150529e20100000sp |||||||||||||||||spa|d | ||
| 020 | |a 9788422014485 | ||
| 082 | 0 | 4 | |a 160 |b DOM |2 21 |
| 100 | 0 | |a Domínguez Prieto, Pablo |e author |9 579917 | |
| 245 | 1 | 0 | |a Lógica. La ciencia del logos |
| 250 | |a 1a. ed | ||
| 300 | |a 417 p | ||
| 942 | |c BK | ||
| 945 | |d 20150529 15:00:00 |a gsalatino | ||
| 260 | |a Madrid |b Biblioteca de Autores Cristianos |c 2010 | ||
| 650 | 0 | |a Lógica |9 256849 | |
| 650 | 7 | |a DEDUCTIVISMO |2 CL-VaPUC |9 441920 | |
| 583 | |a last modification |c 20150529 15:00:00 |k Rodrigo Vera | ||
| 490 | 0 | |a Sapientia Rerum. Manuales de Filosofía | |
| 999 | |c 359332 |d 359330 | ||
| 952 | |0 0 |1 0 |3 erb |4 0 |6 160_000000000000000_DOM_2010 |7 0 |8 A |9 468491 |a BIBTEO |b BIBTEO |i 5161355 |o 160 DOM 2010 |p 5161355 |r 2025-01-17 |w 2019-11-23 |y BK |z Catalogado en:20150529 |k ICR | ||